01362nam a2200253Ia 4500003000400000005001700004008004100021040002100062041000800083082002400091100002900115245014200144260004400286300006300330500002000393505024000413520019300653650005100846650005200897650006300949700002801012700003501040700003301075OSt20200702195325.0191128s1982 ck ad gr 000 0dspa d aCO-JMCRcCO-JMCR0 aspa04a330.9 / bN421n2231 aNell, Edward J., eautor10aNuevos desarrollos de la teoría económica /cEdward J. Nell, Anuark Shaikh, Jesús A. Bejarano [y otros 4]; editor Alberto Corchuelo aCali : bUniversidad del Valle, c1982. a460 páginas : b gráficas en blanco y negro ; c21 cm. aBibliografía.0 aPara entender la noción marxista de la explotación : el problema número uno -- La transformación de Marx en Sraffa -- Cinco puntos críticos en la teoría neoclásica de los precios -- De Keyner al análisis post-keynesiano0 aEste libro recoge los aportes centrales de destacados economistas e investigadores nacionales y extranjeros asistentes al seminario sobre desarrollos recientes de la teoría económica.14aTeoría económica xCongresosxconferencias24a Análisis económicoxCongresos,conferencias24aSistemas económicos comparados xCongresos, conferencias1 aShaik, Anuark, eautor1 aBejarano, Jesús A., e autor1 aCorchuelo, Alberto, eeditor